[Event "NRW Class2 0809"]
[Site "Germany"]
[Date "2009.02.01"]
[Round "6.7"]
[White "Polushkina, Svetlana"]
[Black "Seliger, Frank"]
[Result "1/2-1/2"]
[WhiteElo "2064"]
[BlackElo "1983"]
[PlyCount "82"]
[EventDate "2008.09.21"]
[EventType "team-tourn"]
[EventRounds "9"]
[EventCountry "GER"]
[SourceTitle "EXT 2010"]
[Source "ChessBase"]
[SourceDate "2010.11.25"]
[SourceVersion "1"]
[SourceVersionDate "2010.11.25"]
[SourceQuality "1"]
[WhiteTeam "Emsdetten II"]
[BlackTeam "Guetersloh"]
[WhiteTeamCountry "GER"]
[BlackTeamCountry "GER"]

1. d4 e6 2. Nf3 f5 3. g3 Nf6 4. Bg2 Be7 5. 0-0 0-0 6. c4 d6 7. b3 Qe8 8. Bb2 Qh5 9. e3 Nbd7 10. Nc3 Ne4 11. Nxe4 fxe4 12. Nd2 Qxd1 13. Raxd1 d5 14. f3 exf3 15. Bxf3 c6 16. e4 Nf6 17. e5 Ne8 18. Bh5 g6 19. Rxf8+ Bxf8 20. Bg4 Ng7 21. Nf3 Nf5 22. Kf2 Bd7 23. Bh3 Be7 24. cxd5 cxd5 25. Bf1 Rc8 26. Rc1 Rxc1 27. Bxc1 Bb4 28. g4 Ne7 29. a3 Ba5 30. Bd2 Bxd2 31. Nxd2 g5 32. Nf3 h6 33. h4 gxh4 34. Nxh4 Kg7 35. Ke3 Be8 36. Ng2 Ng6 37. Bd3 Kf8 38. Bxg6 Bxg6 39. Nf4 Bf7 40. Nd3 b6 41. Kf4 Be8 1/2-1/2

[Event "BL2 West 0809 (Women)"]
[Site "Germany"]
[Date "2008.12.06"]
[Round "3.3"]
[White "Hannes, Diana"]
[Black "Polushkina, Svetlana"]
[Result "0-1"]
[WhiteElo "2055"]
[BlackElo "2064"]
[PlyCount "78"]
[EventDate "2008.11.08"]
[EventType "team-tourn"]
[EventRounds "7"]
[EventCountry "GER"]
[SourceTitle "EXT 2010"]
[Source "ChessBase"]
[SourceDate "2010.11.25"]
[SourceVersion "1"]
[SourceVersionDate "2010.11.25"]
[SourceQuality "1"]
[WhiteTeam "Erfurt Medizin (W)"]
[BlackTeam "Steinfurt (W)"]
[WhiteTeamCountry "GER"]
[BlackTeamCountry "GER"]

1. e4 c6 2. d4 d5 3. exd5 cxd5 4. c4 Nf6 5. Nc3 e6 6. Nf3 Be7 7. Bd3 dxc4 8. Bxc4 0-0 9. 0-0 Nbd7 10. Bf4 Nb6 11. Bd3 Nbd5 12. Bg3 b6 13. Rc1 Bb7 14. Re1 Nb4 15. Be2 Rc8 16. a3 Nbd5 17. Ne5 Nxc3 18. Rxc3 Rxc3 19. bxc3 Qa8 20. Bf1 Bxa3 21. Qa4 Be7 22. Ra1 a5 23. f3 Qc8 24. Rb1 Nd5 25. Be1 Nxc3 26. Bxc3 Qxc3 27. Rxb6 Bc5 28. Rb3 Qxd4+ 29. Qxd4 Bxd4+ 30. Kh1 Bd5 31. Nc4 Rc8 32. Rb1 Bxc4 33. Bxc4 g6 34. Bb3 Rb8 35. g3 Kg7 36. Kg2 Kf6 37. f4 a4 38. Bc2 Ra8 39. Rd1 a3 0-1

[Event "BL2 West 0708 (Women)"]
[Site "Germany"]
[Date "2007.11.10"]
[Round "1.3"]
[White "Froehlich Dill, Astrid"]
[Black "Polushkina, Svetlana"]
[Result "0-1"]
[WhiteElo "1970"]
[BlackElo "2076"]
[PlyCount "144"]
[EventDate "2007.11.10"]
[EventType "team-tourn"]
[EventRounds "7"]
[EventCountry "GER"]
[SourceTitle "EXT 2009"]
[Source "ChessBase"]
[SourceDate "2008.11.26"]
[SourceVersion "1"]
[SourceVersionDate "2008.11.26"]
[SourceQuality "1"]
[WhiteTeam "Hofheim (W)"]
[BlackTeam "Steinfurt (W)"]
[WhiteTeamCountry "GER"]
[BlackTeamCountry "GER"]

1. d4 d5 2. e3 Nf6 3. Bd3 c5 4. dxc5 e6 5. Nf3 Bxc5 6. 0-0 0-0 7. b3 Nbd7 8. Bb2 b6 9. c4 dxc4 10. Bxc4 Bb7 11. Qe2 Qe7 12. Nc3 Ba3 13. Bxa3 Qxa3 14. Nb5 Qc5 15. Rac1 Qh5 16. Nfd4 Qg6 17. f3 Ne5 18. Nd6 Bd5 19. Ba6 Rfd8 20. N6b5 Nd3 21. Rc3 Nc5 22. Nc7 Rab8 23. Nxd5 Nxd5 24. Rxc5 bxc5 25. Nc6 Qg5 26. Re1 Rb6 27. Nxd8 Qxd8 28. Bc4 Rd6 29. Bxd5 Rxd5 30. Qc4 Qa5 31. b4 Qxb4 32. Qxb4 cxb4 33. Rb1 a5 34. a3 Rb5 35. axb4 axb4 36. Kf2 Kf8 37. Ke2 Ke7 38. Kd3 Kd6 39. Kc4 Ra5 40. Kxb4 Ra2 41. Rg1 f5 42. Kc4 Ra3 43. Rd1+ Ke5 44. Re1 Ra2 45. Rg1 Ra4+ 46. Kc3 Ra3+ 47. Kd2 f4 48. e4 Kd4 49. Kc2 Ra2+ 50. Kb3 Rd2 51. h4 Ke3 52. Kc3 Ra2 53. Rd1 Rxg2 54. Rd3+ Ke2 55. e5 Rg3 56. Rd6 Rg6 57. Rd3 Rh6 58. Kd4 Rxh4 59. Ke4 g5 60. Ra3 Kf2 61. Ra6 Rh6 62. Ra2+ Kg3 63. Ra1 Rg6 64. Ra7 h5 65. Rf7 h4 66. Rf6 Rg8 67. Rxe6 h3 68. Rh6 h2 69. e6 Kg2 70. Kf5 h1Q 71. Rxh1 Kxh1 72. Kf6 Kg2 0-1

[Event "NRW Class1 0607"]
[Site "Germany"]
[Date "2007.05.06"]
[Round "9.4"]
[White "Elmali, Naufel"]
[Black "Polushkina, Svetlana"]
[Result "1-0"]
[WhiteElo "2089"]
[BlackElo "2076"]
[PlyCount "109"]
[EventDate "2006.09.17"]
[EventType "team-tourn"]
[EventRounds "9"]
[EventCountry "GER"]
[SourceTitle "EXT 2008"]
[Source "ChessBase"]
[SourceDate "2007.11.25"]
[SourceVersion "1"]
[SourceVersionDate "2007.11.25"]
[SourceQuality "1"]
[WhiteTeam "Solingen III"]
[BlackTeam "Emsdetten II"]
[WhiteTeamCountry "GER"]
[BlackTeamCountry "GER"]

1. e4 c6 2. d4 d5 3. Nd2 dxe4 4. Nxe4 Bf5 5. Ng3 Bg6 6. h4 h6 7. Nf3 Nd7 8. h5 Bh7 9. Bd3 Bxd3 10. Qxd3 Ngf6 11. Bf4 Qa5+ 12. Bd2 Qc7 13. c4 0-0-0 14. 0-0-0 e6 15. Kb1 c5 16. Bc3 Bd6 17. Ne4 Nxe4 18. Qxe4 Nf6 19. Qe2 Qc6 20. d5 exd5 21. Bxf6 gxf6 22. Rxd5 Bc7 23. Rhd1 Qe6 24. Rxd8+ Rxd8 25. Rxd8+ Bxd8 26. Qxe6+ fxe6 27. Kc2 Kd7 28. Kd3 Kd6 29. g4 a6 30. Ke4 b5 31. b3 bxc4 32. bxc4 Ba5 33. Ng1 Bc3 34. f4 Bb2 35. Nf3 Bc1 36. Ne1 Bb2 37. Ng2 Bc1 38. Nh4 Ke7 39. f5 Bd2 40. fxe6 Kxe6 41. Ng2 Bg5 42. Ne1 Bd2 43. Nd3 Kd6 44. Kf5 Bg5 45. Nf2 Ke7 46. Ne4 Be3 47. Nxf6 Kf7 48. Nd5 Bd2 49. Nc7 a5 50. a4 Be3 51. Ne6 Bf2 52. Nd8+ Kg7 53. Nb7 Bd4 54. Nxa5 Bf6 55. Nc6 1-0

[Event "NRW Class2 0506"]
[Site "Germany"]
[Date "2006.01.08"]
[Round "5.8"]
[White "Berndt, Joachim"]
[Black "Polushkina, Svetlana"]
[Result "1-0"]
[WhiteElo "2227"]
[BlackElo "2081"]
[PlyCount "53"]
[EventDate "2005.09.25"]
[EventType "team"]
[EventRounds "9"]
[EventCountry "GER"]
[SourceTitle "EXT 2006"]
[Source "ChessBase"]
[SourceDate "2005.11.24"]
[SourceVersion "1"]
[SourceVersionDate "2005.11.24"]
[SourceQuality "1"]
[WhiteTeam "Wattenscheid II"]
[BlackTeam "Emsdetten Turm II"]
[WhiteTeamCountry "GER"]
[BlackTeamCountry "GER"]

1. d4 f5 2. Bf4 Nf6 3. e3 e6 4. Bd3 Be7 5. Nd2 d5 6. h3 c5 7. c3 Nc6 8. Ngf3 Ne4 9. Ne5 Bf6 10. Nxe4 fxe4 11. Bb5 Bd7 12. Bxc6 Bxc6 13. dxc5 0-0 14. Qg4 Bd7 15. 0-0 Rc8 16. b4 Bxe5 17. Bxe5 Rf7 18. a4 Qe8 19. f3 exf3 20. Rxf3 g6 21. Rxf7 Qxf7 22. Rf1 Qe7 23. Rf6 Qg7 24. Qg5 Bxa4 25. Rxe6 Qf7 26. Re7 Qf5 27. Qh6 1-0

[Event "NRW Class2 0506"]
[Site "Germany"]
[Date "2005.09.25"]
[Round "1.8"]
[White "Villwock, Martin"]
[Black "Polushkina, Svetlana"]
[Result "1-0"]
[WhiteElo "2186"]
[BlackElo "2081"]
[PlyCount "77"]
[EventDate "2005.09.25"]
[EventType "team"]
[EventRounds "9"]
[EventCountry "GER"]
[SourceTitle "EXT 2006"]
[Source "ChessBase"]
[SourceDate "2005.11.24"]
[SourceVersion "1"]
[SourceVersionDate "2005.11.24"]
[SourceQuality "1"]
[WhiteTeam "Katernberg II"]
[BlackTeam "Emsdetten Turm II"]
[WhiteTeamCountry "GER"]
[BlackTeamCountry "GER"]

1. e4 c6 2. d4 d5 3. e5 Bf5 4. Nc3 e6 5. g4 Bg6 6. Nge2 h6 7. Be3 Bb4 8. a3 Be7 9. Bg2 Nd7 10. 0-0 f6 11. f4 Bf7 12. b4 h5 13. Ng3 h4 14. Nge2 Nh6 15. h3 Nb6 16. Qd3 Nc4 17. Bc1 b5 18. a4 Bxb4 19. axb5 cxb5 20. Nxb5 Qb6 21. Na3 Nxa3 22. Bxa3 Bxa3 23. Rxa3 fxe5 24. fxe5 0-0 25. Ra6 Qb2 26. c3 Rfc8 27. Rb1 Bg6 28. Qxg6 Qxe2 29. Qxe6+ Kh8 30. Rxa7 Qe3+ 31. Kh1 Rxa7 32. Qxc8+ Kh7 33. g5 Qxg5 34. Bxd5 Qg6 35. Re1 Nf5 36. Qxf5 Qxf5 37. Be4 Kg6 38. Rg1+ Kf7 39. Bxf5 1-0

[Event "Muensterland Verbandsliga 0405"]
[Site "Muensterland"]
[Date "2005.05.07"]
[Round "9.4"]
[White "Mueller, Achim"]
[Black "Polushkina, Svetlana"]
[Result "1/2-1/2"]
[WhiteElo "1885"]
[BlackElo "1986"]
[PlyCount "96"]
[EventDate "2004.09.18"]
[EventType "team"]
[EventRounds "9"]
[EventCountry "GER"]
[SourceTitle "EXT 2006"]
[Source "ChessBase"]
[SourceDate "2005.11.24"]
[SourceVersion "1"]
[SourceVersionDate "2005.11.24"]
[SourceQuality "1"]
[WhiteTeam "Rheine Klein Berlin"]
[BlackTeam "Emsdetten Turm II"]
[WhiteTeamCountry "GER"]
[BlackTeamCountry "GER"]

1. e4 c6 2. d4 d5 3. exd5 cxd5 4. Bd3 Nf6 5. c3 Bg4 6. Qb3 Qc7 7. Ne2 Nbd7 8. Bf4 Qb6 9. Na3 a6 10. Nc2 e6 11. Ng3 Nh5 12. Qxb6 Nxb6 13. Bc7 Na4 14. Ne3 Nxb2 15. Bc2 Nxg3 16. hxg3 Bf5 17. Bxf5 exf5 18. Nxd5 Nc4 19. 0-0 Kd7 20. Bf4 Bd6 21. Bxd6 Kxd6 22. Ne3 Nxe3 23. fxe3 g6 24. g4 Rac8 25. Rac1 Rhe8 26. gxf5 Rxe3 27. fxg6 fxg6 28. Rf7 Re7 29. Rxe7 Kxe7 30. Kf2 Kd6 31. Ke3 Kd5 32. Kd3 b5 33. Re1 Rf8 34. Re5+ Kd6 35. Re2 h5 36. a4 Rf5 37. Ra2 Rg5 38. axb5 axb5 39. Ke4 Rg4+ 40. Kf3 Kd5 41. Ra8 Kd6 42. Rb8 Kc6 43. Re8 Kd6 44. Re5 b4 45. cxb4 Rxd4 46. Rg5 Rxb4 47. Rxg6+ Ke7 48. Rg5 h4 1/2-1/2

[Event "BL 0304 (Women)"]
[Site "Germany"]
[Date "2004.02.27"]
[Round "5.6"]
[White "Busch, Annette"]
[Black "Polushkina, Svetlana"]
[Result "0-1"]
[WhiteElo "1640"]
[BlackElo "2095"]
[PlyCount "71"]
[EventDate "2003.11.29"]
[EventType "team-tourn"]
[EventRounds "11"]
[EventCountry "GER"]
[SourceTitle "EXT 2005"]
[Source "ChessBase"]
[SourceDate "2004.11.15"]
[SourceVersion "1"]
[SourceVersionDate "2004.11.15"]
[SourceQuality "1"]
[WhiteTeam "Mannheim"]
[BlackTeam "Emsdetten (W)"]
[WhiteTeamCountry "GER"]
[BlackTeamCountry "GER"]

1. d4 f5 2. Nf3 Nf6 3. c4 e6 4. Nc3 d5 5. Bf4 c6 6. e3 Be7 7. Be2 0-0 8. h3 Bd7 9. 0-0 Ne4 10. a3 Be8 11. Ne5 Nd7 12. Nxe4 fxe4 13. b4 Nxe5 14. Bxe5 Bg6 15. c5 a5 16. b5 cxb5 17. Bxb5 Rf5 18. Bg3 Bh4 19. Bxh4 Qxh4 20. Qg4 Qe7 21. Qg3 Rd8 22. c6 bxc6 23. Bxc6 Rg5 24. Qh2 Rc8 25. Rfc1 Bh5 26. Ba4 Rf8 27. Bd1 Qf6 28. Ra2 Bxd1 29. Rxd1 Rf5 30. g4 Rf3 31. Rb1 Qh4 32. Rb8 Rxh3 33. Rxf8+ Kxf8 34. Qb8+ Kf7 35. Qf4+ Kg6 36. Kf1 0-1

[Event "Muensterland Verbandsklasse-A 0304"]
[Site "Germany"]
[Date "2003.12.13"]
[Round "4.3"]
[White "Polushkina, Svetlana"]
[Black "Welp, Michael"]
[Result "1/2-1/2"]
[WhiteElo "2095"]
[BlackElo "1913"]
[PlyCount "127"]
[EventDate "2003.09.20"]
[EventType "team"]
[EventRounds "9"]
[EventCountry "GER"]
[SourceTitle "EXT 2005"]
[Source "ChessBase"]
[SourceDate "2004.11.15"]
[SourceVersion "1"]
[SourceVersionDate "2004.11.15"]
[SourceQuality "1"]
[WhiteTeam "Emsdetten Turm III"]
[BlackTeam "Ibbenbueren"]
[WhiteTeamCountry "GER"]
[BlackTeamCountry "GER"]

1. d4 d5 2. c4 Nc6 3. Nc3 dxc4 4. d5 Ne5 5. f4 Ng6 6. e4 e5 7. dxe6 Qxd1+ 8. Kxd1 fxe6 9. Bxc4 Nf6 10. e5 Ng4 11. Ne4 h5 12. h3 Nh6 13. Nf3 Bd7 14. Neg5 0-0-0 15. Kc2 Re8 16. Nd4 Nh4 17. Rh2 N6f5 18. Ndxe6 Ng3 19. Be3 Rh6 20. Bf2 Nhf5 21. Nxf8 Rxf8 22. Bc5 Re8 23. Bf7 Rc6 24. b4 b6 25. e6 Re7 26. exd7+ Kxd7 27. Rd1+ Kc8 28. Be6+ Rexe6 29. Nxe6 Ne3+ 30. Kd2 Nxd1 31. Kxd1 bxc5 32. Nxc5 Rf6 33. Nd3 Ra6 34. Nc1 Re6 35. h4 Nf1 36. Rh3 Ne3+ 37. Kd2 Nxg2 38. Nd3 Rg6 39. f5 Rg4 40. Ne5 Rxb4 41. a3 Rd4+ 42. Kc3 Re4 43. Ng6 Re3+ 44. Rxe3 Nxe3 45. Kd3 Nxf5 46. Ke4 Nd6+ 47. Kd4 Kd7 48. a4 Nf5+ 49. Ke5 Ne7 50. Nf8+ Ke8 51. Ne6 Ng6+ 52. Ke4 Kf7 53. Nxc7 Nxh4 54. a5 Ng6 55. Nb5 a6 56. Nc7 Ne7 57. Nxa6 Nc6 58. Kf5 Nxa5 59. Kg5 g6 60. Nc5 Nc6 61. Nd3 h4 62. Nf4 Ne5 63. Kxh4 Nf3+ 64. Kg3 1/2-1/2

[Event "Muensterland Verbandsklasse-A 0304"]
[Site "Germany"]
[Date "2003.09.20"]
[Round "1.3"]
[White "Colmer, Willi"]
[Black "Polushkina, Svetlana"]
[Result "1/2-1/2"]
[WhiteElo "1809"]
[BlackElo "2095"]
[PlyCount "89"]
[EventDate "2003.09.20"]
[EventType "team"]
[EventRounds "9"]
[EventCountry "GER"]
[SourceTitle "EXT 2005"]
[Source "ChessBase"]
[SourceDate "2004.11.15"]
[SourceVersion "1"]
[SourceVersionDate "2004.11.15"]
[SourceQuality "1"]
[WhiteTeam "Emsdetten Rochade"]
[BlackTeam "Emsdetten Turm III"]
[WhiteTeamCountry "GER"]
[BlackTeamCountry "GER"]

1. d4 d5 2. c4 e6 3. Nc3 f5 4. Nf3 Nf6 5. Bf4 c6 6. e3 Be7 7. Bd3 Ne4 8. 0-0 0-0 9. Bxe4 fxe4 10. Ne5 Nd7 11. f3 Nxe5 12. Bxe5 Bg5 13. Qe2 exf3 14. Rxf3 Rxf3 15. Qxf3 Bd7 16. Rf1 Qe7 17. c5 b6 18. b4 Re8 19. Qg3 Bh4 20. Qf3 Rf8 21. Qxf8+ Qxf8 22. Rxf8+ Kxf8 23. g3 Bd8 24. Bb8 bxc5 25. Bd6+ Ke8 26. Bxc5 a5 27. a3 Kf7 28. Kf2 Kf6 29. Kf3 h5 30. Na4 axb4 31. axb4 Bc7 32. Bb6 Bb8 33. Nc5 Bc8 34. Nd3 g5 35. h4 g4+ 36. Kf2 Bd7 37. Nc5 Be8 38. Na6 Bd6 39. Bc5 Bxc5 40. Nxc5 e5 41. Nd3 exd4 42. exd4 Kf5 43. Ke3 Bf7 44. Ne5 Be8 45. Nd3 1/2-1/2

[Event "Dresden Infineon YM (Women)"]
[Site "Dresden"]
[Date "2003.08.??"]
[Round "?"]
[White "Hrabinska, Myroslava"]
[Black "Polushkina, Svetlana"]
[Result "1-0"]
[WhiteElo "2284"]
[BlackElo "2095"]
[PlyCount "83"]
[EventDate "2003.08.??"]
[EventType "tourn"]
[EventRounds "10"]
[EventCountry "GER"]
[SourceTitle "EXT 2005"]
[Source "ChessBase"]
[SourceDate "2004.11.15"]
[SourceVersion "1"]
[SourceVersionDate "2004.11.15"]
[SourceQuality "1"]

1. e4 c6 2. d4 d5 3. e5 c5 4. dxc5 e6 5. Nf3 Bxc5 6. Bd3 Ne7 7. 0-0 Nec6 8. c3 Nd7 9. Bf4 Be7 10. Qe2 Qb6 11. b4 a6 12. Nbd2 Nf8 13. a3 Ng6 14. Bg3 0-0 15. h4 f6 16. exf6 Rxf6 17. Bc2 Bd7 18. h5 Nf8 19. c4 dxc4 20. Nxc4 Qb5 21. Be5 Nxe5 22. Nfxe5 Bc6 23. Nxc6 Qxc6 24. Na5 Qd5 25. Be4 Qg5 26. Bxb7 Rb8 27. Rad1 Rf5 28. Bxa6 Re5 29. Qf3 Rf5 30. Qg3 Qxg3 31. fxg3 Rxh5 32. Nc6 Re8 33. Nxe7+ Rxe7 34. Rd8 Rf7 35. Re1 Rf6 36. Bc4 Kf7 37. b5 Ke7 38. Red1 Rc5 39. b6 Rd5 40. b7 Rxd8 41. Rxd8 Nd7 42. Rxd7+ 1-0

[Event "Dresden Infineon YM (Women)"]
[Site "Dresden"]
[Date "2003.08.??"]
[Round "?"]
[White "Polushkina, Svetlana"]
[Black "Schmidt, Jessica"]
[Result "0-1"]
[WhiteElo "2095"]
[BlackElo "2265"]
[PlyCount "92"]
[EventDate "2003.08.??"]
[EventType "tourn"]
[EventRounds "10"]
[EventCountry "GER"]
[SourceTitle "EXT 2005"]
[Source "ChessBase"]
[SourceDate "2004.11.15"]
[SourceVersion "1"]
[SourceVersionDate "2004.11.15"]
[SourceQuality "1"]

1. d4 d5 2. c4 e6 3. Nc3 c6 4. e3 Nf6 5. Nf3 Be7 6. Qc2 0-0 7. b3 Bb4 8. Nd2 Nbd7 9. Bb2 Re8 10. a3 Bxc3 11. Bxc3 e5 12. dxe5 Nxe5 13. 0-0-0 Qe7 14. Kb2 Bg4 15. Rc1 Bh5 16. Bd3 Rad8 17. f3 b5 18. cxb5 Nxd3+ 19. Qxd3 Bg6 20. Qd4 c5 21. Qh4 Rd6 22. Rcd1 Re6 23. Rhe1 d4 24. Ba5 Rxe3 25. Rxe3 Qxe3 26. Nc4 Qe2+ 27. Rd2 Qf1 28. a4 Re2 29. Rxe2 Qxe2+ 30. Bd2 h6 31. Qe1 Qxg2 32. Qe5 Bd3 33. Qf4 Qe2 34. Qb8+ Kh7 35. Qf4 Nh5 36. Qxf7 Bxc4 37. Qf5+ g6 38. Qd7+ Ng7 39. bxc4 Qxd2+ 40. Kb1 Qb4+ 41. Kc2 Qxc4+ 42. Kb2 Qxa4 43. h4 h5 44. Qb7 c4 45. f4 c3+ 46. Kc1 d3 0-1

[Event "Dresden Infineon YM (Women)"]
[Site "Dresden"]
[Date "2003.08.??"]
[Round "?"]
[White "Polushkina, Svetlana"]
[Black "Umpfenbach, Caroline"]
[Result "0-1"]
[WhiteElo "2095"]
[BlackElo "2128"]
[PlyCount "68"]
[EventDate "2003.08.??"]
[EventType "tourn"]
[EventRounds "10"]
[EventCountry "GER"]
[SourceTitle "EXT 2005"]
[Source "ChessBase"]
[SourceDate "2004.11.15"]
[SourceVersion "1"]
[SourceVersionDate "2004.11.15"]
[SourceQuality "1"]

1. d4 e6 2. c4 f5 3. g3 Nf6 4. Bg2 Bb4+ 5. Bd2 Qe7 6. Nc3 0-0 7. Nf3 d6 8. 0-0 Bxc3 9. Bxc3 Ne4 10. Be1 Nd7 11. Nd2 Nxd2 12. Bxd2 e5 13. Bc3 Nf6 14. dxe5 dxe5 15. c5 c6 16. b4 e4 17. e3 Nd5 18. Bd2 Be6 19. Qc2 Rad8 20. a4 Bf7 21. b5 Kh8 22. Rab1 Bh5 23. Rfe1 Rf6 24. Rec1 Qf7 25. f4 exf3 26. Bf1 Bg6 27. Qb3 Qe7 28. bxc6 bxc6 29. Qb7 Rd7 30. Qa8+ Rf8 31. Qxc6 f4 32. exf4 Bxb1 33. Rxb1 Nf6 34. Re1 f2+ 0-1

[Event "BL 0203 (Women)"]
[Site "Germany"]
[Date "2003.03.15"]
[Round "10.6"]
[White "Polushkina, Svetlana"]
[Black "Scheynin, Julia"]
[Result "1-0"]
[WhiteElo "2131"]
[BlackElo "2074"]
[PlyCount "103"]
[EventDate "2002.10.12"]
[EventType "team-tourn"]
[EventRounds "11"]
[EventCountry "GER"]
[SourceTitle "EXT 2004"]
[Source "ChessBase"]
[SourceDate "2003.11.25"]
[SourceVersion "1"]
[SourceVersionDate "2003.11.25"]
[SourceQuality "1"]
[WhiteTeam "Emsdetten Turm (W)"]
[BlackTeam "Karlsruhe (W)"]
[WhiteTeamCountry "GER"]
[BlackTeamCountry "GER"]

1. d4 d5 2. c4 e6 3. Nc3 Nf6 4. Bg5 Be7 5. Nf3 0-0 6. e3 b6 7. Rc1 Bb7 8. Bd3 Re8 9. 0-0 Nbd7 10. Qe2 dxc4 11. Bxc4 Nd5 12. Bxe7 Qxe7 13. Nxd5 exd5 14. Bb5 Rec8 15. Bc6 Bxc6 16. Rxc6 Nb8 17. Rc3 Nd7 18. Qc2 c5 19. dxc5 Rxc5 20. b4 Rxc3 21. Qxc3 Nf6 22. Rc1 h6 23. h3 Rd8 24. Nd4 Ne4 25. Qc7 Re8 26. Qxe7 Rxe7 27. Rc8+ Kh7 28. Kf1 Rd7 29. Ke1 Kg6 30. Rc6+ f6 31. Nb5 Kf7 32. f3 Ng5 33. Rc7 Rxc7 34. Nxc7 Ke7 35. Nxd5+ Kd6 36. Nc3 a5 37. a3 axb4 38. axb4 f5 39. Kd2 Nf7 40. f4 Nd8 41. Kd3 Ne6 42. g4 fxg4 43. hxg4 g6 44. Kc4 Nc7 45. Kd4 Na6 46. Nd5 b5 47. e4 Ke6 48. f5+ gxf5 49. gxf5+ Kf7 50. e5 Nb8 51. e6+ Ke8 52. Kc5 1-0

[Event "Muensterland Verbandsliga 0203"]
[Site "Muensterland"]
[Date "2003.03.08"]
[Round "7.5"]
[White "Schmeing, Walter"]
[Black "Polushkina, Svetlana"]
[Result "1-0"]
[WhiteElo "2048"]
[BlackElo "2131"]
[PlyCount "105"]
[EventDate "2002.09.21"]
[EventType "team"]
[EventRounds "9"]
[EventCountry "GER"]
[SourceTitle "EXT 2004"]
[Source "ChessBase"]
[SourceDate "2003.11.25"]
[SourceVersion "1"]
[SourceVersionDate "2003.11.25"]
[SourceQuality "1"]
[WhiteTeam "Suedlohn"]
[BlackTeam "Emsdetten Turm II"]
[WhiteTeamCountry "GER"]
[BlackTeamCountry "GER"]

1. e4 c6 2. Nc3 d5 3. Nf3 Bg4 4. h3 Bh5 5. Be2 e6 6. 0-0 dxe4 7. Nxe4 Nf6 8. Nxf6+ gxf6 9. d4 Bd6 10. c4 Nd7 11. Be3 Qc7 12. Nd2 Bxe2 13. Qxe2 0-0-0 14. f4 f5 15. Rab1 Rhg8 16. Kh2 Rg7 17. g3 Rdg8 18. Rg1 Nf6 19. Qf3 h5 20. c5 Be7 21. Bf2 Rh7 22. h4 Rg4 23. Nc4 Ne4 24. Ne5 Rg8 25. Qe2 Bf6 26. Rbc1 Rd8 27. Nf3 Rg7 28. Rcd1 Qa5 29. a3 Qb5 30. Qc2 Rdg8 31. Be1 Rd8 32. a4 Qa6 33. b4 b5 34. cxb6 Qxb6 35. b5 Kd7 36. Ne5+ Bxe5 37. dxe5+ Ke7 38. Rxd8 Kxd8 39. bxc6 Kc7 40. Qd3 Kxc6 41. Rg2 Rg8 42. Rc2+ Kb7 43. a5 Rd8 44. Qxe4+ fxe4 45. axb6 axb6 46. Kg2 Rd4 47. Rb2 Kc6 48. Bf2 Ra4 49. Rxb6+ Kc7 50. Rb2 Kc6 51. Kf1 Ra3 52. Ke2 Kd5 53. Rd2+ 1-0

[Event "EU-ch U20 Girls"]
[Site "Baku"]
[Date "2002.07.19"]
[Round "6"]
[White "Khudaverdieva, Afag"]
[Black "Polushkina, Svetlana"]
[Result "1-0"]
[WhiteElo "2043"]
[BlackElo "2131"]
[PlyCount "93"]
[EventDate "2002.07.14"]
[EventType "swiss"]
[EventRounds "11"]
[EventCountry "AZE"]
[SourceTitle "CBM 089 Extra"]
[Source "ChessBase"]
[SourceDate "2002.09.10"]
[SourceVersion "2"]
[SourceVersionDate "2002.09.10"]
[SourceQuality "1"]

1. d4 d5 2. c4 e6 3. cxd5 exd5 4. Nc3 f5 5. g3 Nf6 6. Bg2 c6 7. Nh3 Bd6 8. Bf4 0-0 9. 0-0 Be6 10. e3 Be7 11. Bxb8 Rxb8 12. Nf4 Bf7 13. Rb1 g5 14. Nd3 Bh5 15. Qc2 Ne4 16. f3 Nxc3 17. bxc3 Bd6 18. f4 Qe7 19. Ne5 Bf7 20. Rbe1 Be6 21. c4 Bb4 22. Re2 dxc4 23. e4 Qd6 24. Rd1 b5 25. Kh1 gxf4 26. Nxc6 Qxc6 27. d5 Bxd5 28. exd5 Qc7 29. d6 Bxd6 30. Qc3 fxg3 31. Bd5+ Rf7 32. Rde1 Bf8 33. Rg1 Bg7 34. Bxf7+ Qxf7 35. Qxg3 f4 36. Qg5 Kh8 37. Re7 h6 38. Qxg7+ Qxg7 39. Rgxg7 c3 40. Rc7 b4 41. Rb7 Rd8 42. Rgd7 Re8 43. Kg2 a5 44. Ra7 Rc8 45. Rdc7 Rxc7 46. Rxc7 a4 47. Rc4 1-0

[Event "EU-ch U20 Girls"]
[Site "Baku"]
[Date "2002.07.??"]
[Round "10"]
[White "Khusnutdinova, Luiza"]
[Black "Polushkina, Svetlana"]
[Result "1-0"]
[WhiteElo "2312"]
[BlackElo "2131"]
[PlyCount "71"]
[EventDate "2002.07.14"]
[EventType "swiss"]
[EventRounds "11"]
[EventCountry "AZE"]
[SourceTitle "CBM 089 Extra"]
[Source "ChessBase"]
[SourceDate "2002.09.10"]
[SourceVersion "2"]
[SourceVersionDate "2002.09.10"]
[SourceQuality "1"]

1. d4 f5 2. g3 Nf6 3. Bg2 e6 4. Nh3 d6 5. 0-0 Be7 6. c4 0-0 7. Nc3 e5 8. d5 Qe8 9. Ng5 Qh5 10. Ne6 Bxe6 11. dxe6 Na6 12. Nd5 Nxd5 13. cxd5 f4 14. a3 Rf6 15. e4 f3 16. Re1 g5 17. Bf1 Raf8 18. b4 Rg6 19. Ra2 Rf4 20. Bxf4 gxf4 21. Bg2 Rh6 22. Qxf3 Qxh2+ 23. Kf1 Rg6 24. gxf4 exf4 25. e5 Qh4 26. Rae2 Rg7 27. Re4 Qg5 28. Rxf4 dxe5 29. Rf5 Qh4 30. Rfxe5 Nb8 31. R1e4 Qh6 32. Rg4 Bf6 33. Rxg7+ Qxg7 34. Rf5 Be7 35. Bh3 Bd6 36. Qh5 1-0

[Event "EU-ch (Women) 3rd"]
[Site "Varna"]
[Date "2002.06.06"]
[Round "10"]
[White "Polushkina, Svetlana"]
[Black "Gjergji, Rozana"]
[Result "0-1"]
[WhiteElo "2159"]
[BlackElo "2029"]
[PlyCount "76"]
[EventDate "2002.05.27"]
[EventType "swiss"]
[EventRounds "11"]
[EventCountry "BUL"]
[SourceTitle "CBM 088 Extra"]
[Source "ChessBase"]
[SourceDate "2002.07.01"]
[SourceVersion "2"]
[SourceVersionDate "2002.07.01"]
[SourceQuality "1"]

1. d4 Nf6 2. c4 e6 3. g3 d5 4. Bg2 b6 5. cxd5 Nxd5 6. Nc3 Bb7 7. e4 Nxc3 8. bxc3 Nd7 9. Ne2 c5 10. 0-0 Rc8 11. d5 exd5 12. exd5 Bd6 13. Qa4 a6 14. Qg4 Qf6 15. Bg5 Qg6 16. Bh3 Ne5 17. Nf4 Qxg5 18. Qxg5 Nf3+ 19. Kh1 Nxg5 20. Bxc8 Bxc8 21. h4 Bxf4 22. gxf4 Nf3 23. c4 Kd8 24. h5 Bg4 25. Kg2 Nd4 26. Rab1 Kc7 27. Rfe1 Be2 28. Rbc1 Re8 29. Kh3 Re4 30. Rg1 Bxh5 31. Rxg7 Ne2 32. Rc2 Nxf4+ 33. Kg3 Bg6 34. Kf3 Nh5 35. Rxg6 Rf4+ 36. Ke3 hxg6 37. Kd3 Rd4+ 38. Kc3 b5 0-1